AH International Schools' Libraries

(Khmer) the power of reading / (Record no. 48252)

MARC details
000 -LEADER
fixed length control field 00241nam a2200097 4500
020 ## - INTERNATIONAL STANDARD BOOK NUMBER
International Standard Book Number 9789924551133
245 ## - TITLE STATEMENT
Title (Khmer) the power of reading /
Statement of responsibility, etc Lam Lim.
260 ## - PUBLICATION, DISTRIBUTION, ETC. (IMPRINT)
Place of publication, distribution, etc Cambodia:
Date of publication, distribution, etc 2020.
300 ## - PHYSICAL DESCRIPTION
Extent 351 p.
Dimensions 20 cm.
942 ## - ADDED ENTRY ELEMENTS (KOHA)
Source of classification or shelving scheme
Koha item type Khmer NON FIC Books
Holdings
Withdrawn status Lost status Source of classification or shelving scheme Damaged status Not for loan Collection code Home library Current library Date acquired Total Checkouts Full call number Barcode Checked out Date last seen Date checked out Price effective from Koha item type
          Siem Riep Asian Hope Secondary Library Asian Hope Secondary Library 01/29/2025 1 KHMER 372.42 LAM 207426 07/02/2026 04/03/2026 04/03/2026 01/29/2025 Khmer NON FIC Books

For any Logos Library related questions please contact Miss Art at swongnarasuk@asianhope.org.

For any Asian Hope Library related questions please contact Miss Raza at graza@asianhope.org.

Click here to explore our ebooks!

Powered by Koha